00366nam a22001217a 4500082003500000100002500035245007400060250000900134260003800143300001800181526003700199650000800236 a380.102945491bANScL-31, P-52 aHalim, Ansari Abdul aTrade and Industrial Directory of Pakistanc(Late) Abdul Halim Ansari a8th  aKarachi:bAnsari Publisher House, axxiv, 568 p.: a0b0c0d380_102945491000000_ANS aMCE